00800cam a2200265 i 45000010008000000030009000080050017000170070008000340080041000420150006000830170009000890350006000980400025001040800006001291000026001352400038001612450085001992600032002843000024003167000030003409420012003709520110003829560025004929990017005170000571DO-SdBNP20160726095637.00000571100514s 1956 sp a 000 f spa  a  a b  a  aBPMSUbspacBPMSUe  a 1 aFerretti, Annamaría10aRobi e la collana etrusca /lita.10aRodi y el collar etrusco /cAnnamaría Ferretti ; traducción Monserrat Guasch aBarcelona :bmolino,c1956. a158 p.: bil.c24 m12aGuasch, Montserratetrad. 2ddccBK 00102ddc40708CJ-GaBPMETbBPMETd2016-07-26eSin sellarl0pBPMSU16070657r2016-07-26w2016-07-26yBK aYLOCKWARD810cBPMSU c11029d11029